Balkan Songs by Picture - Statistics

General Stats
  • This quiz has been taken 72 times
  • The average score is 9 of 20
Answer Stats
Picture Hint Answer % Correct
Cunami Tarzan
91%
Desingerica Skakavacc
86%
Rasta Rulet
84%
Nucci Crno oko
81%
Corona Playboy
77%
Aca Lukas Pustinja
75%
Biba Zimski
63%
Devito Omerta
42%
Nikolija Yin & yang
42%
Relja Tuga iz porschea
39%
Edita & Sergej Pajic Rio Rio
37%
Senidah #77
35%
Igor Buzov Supra
28%
Teodora Kristian Grej
25%
Hiljson Mandela Vrag na violini
25%
Jala Brat & Buba Corelli Cataleya
19%
Grse Badr Hari
18%
Maya Berovic Crno zlato
14%
Breskvica Vatra i dim
12%
Sajfer Kokaina (remix)
5%
No matching quizzes found
Score Distribution
Percent of People with Each Score
Percentile by Number Answered
Your Score History
You have not taken this quiz